Miasta w Polsce zakończone na -szcz na mapie - Statystyki

Ogólne statystyki
  • Ten quiz został rozwiązany 391 razy
  • Średni wynik to 3 z 5
Odpowiedzi na mapie
Odpowiedzi zakodowano w zielono-czerwonej skali na mapie do tego quizu, zgodnie z poniższymi procentami.
 
Statystyki odpowiedzi
Województwo Miasto % Poprawnych
Kujawsko-Pomorskie Bydgoszcz
97%
Podlaskie Choroszcz
54%
Świętokrzyskie Małogoszcz
42%
Mazowieckie Tłuszcz
35%
Kujawsko-pomorskie Pruszcz
32%
Nie znaleziono quizów pasujących do podanych kryteriów
Rozkład punktacji
Procent ludzi z każdym wynikiem
Percentyl według liczby udzielonych odpowiedzi
Twoja historia wyników
Nie rozwiązałeś tego quizu